Loading...
| History - Other | 0 | 4 | 0 | 1 | 40 | 57 | 93.25 | 0 | 3 | 0.00 | 0.00 |
| Literature - World/Other | 0 | 4 | 0 | 1 | 40 | 73 | 101.25 | 0 | 2 | 0.00 | 0.00 |
| History - European | 0 | 3 | 1 | 2 | 25 | 93 | 113.67 | 0 | 2 | 0.00 | 0.00 |
| Fine Arts - Other | 0 | 2 | 0 | 0 | 20 | 111 | 126.00 | 0 | 0 | 0.00 | 0.00 |
| History - World | 0 | 3 | 2 | 0 | 20 | 54 | 67.00 | 2 | 2 | 0.00 | 0.00 |
| Religion | 0 | 3 | 2 | 1 | 20 | 84 | 102.67 | 0 | 1 | 0.00 | 0.00 |
| Fine Arts - Visual | 0 | 2 | 0 | 0 | 20 | 71 | 90.50 | 0 | 0 | 0.00 | 0.00 |
| Geography/Current Events | 0 | 2 | 0 | 2 | 20 | 123 | 128.00 | 0 | 1 | 0.00 | 0.00 |
| Literature - American | 0 | 2 | 1 | 0 | 15 | 102 | 104.00 | 0 | 2 | 0.00 | 0.00 |
| Fine Arts - Classical Music | 0 | 2 | 1 | 0 | 15 | 105 | 111.00 | 0 | 0 | 0.00 | 0.00 |
| Literature - British | 0 | 1 | 0 | 0 | 10 | 123 | 123.00 | 0 | 0 | 0.00 | 0.00 |
| History - American | 0 | 2 | 2 | 2 | 10 | 119 | 124.50 | 0 | 1 | 0.00 | 0.00 |
| Science - Chemistry | 0 | 1 | 0 | 0 | 10 | 103 | 103.00 | 0 | 0 | 0.00 | 0.00 |
| Literature - European | 0 | 1 | 1 | 0 | 5 | 124 | 124.00 | 0 | 0 | 0.00 | 0.00 |
| Science - Biology | 0 | 0 | 0 | 0 | 0 | 0.00 | 0 | 0 | 0.00 | 0.00 | |
| Other Academic | 0 | 0 | 1 | 0 | -5 | 0.00 | 0 | 0 | 0.00 | 0.00 | |
| Philosophy | 0 | 0 | 1 | 0 | -5 | 0.00 | 0 | 0 | 0.00 | 0.00 | |
| Social Science | 0 | 0 | 1 | 0 | -5 | 0.00 | 0 | 0 | 0.00 | 0.00 | |
| Mythology | 0 | 0 | 1 | 0 | -5 | 0.00 | 0 | 0 | 0.00 | 0.00 |